Richest Countries By Continent - Statistics

General Stats
  • This quiz has been taken 978 times
  • The average score is 4 of 6
Answer Stats
GDP (USD) Continent Country % Correct
$53,041.98 North America United States
98%
$67,458.36 Australasia Australia
85%
$163,025.86 Europe Monaco
68%
$93,714.06 Asia Qatar
65%
16,350.73 South America Uruguay
64%
$20,581.61 Africa Equatorial Guinea
29%
No matching quizzes found
Score Distribution
Percent of People with Each Score
Percentile by Number Answered
Your Score History
You have not taken this quiz